000 00310nam a22001337a 4500
008 181218b xxu||||| |||| 00| 0 eng d
020 _a9780070111110
041 _aeng
080 _a159.9
100 _a49
101 _aPSI
245 _aLectures on the Psychology of Women
_cChrisler, J.C
942 _2udc
_cBK
999 _c53430
_d53430